000
00263nam a22000977a 4500
999
_c
11517
_d
11517
008
190531b ||||| |||| 00| 0 eng d
020
_a
9788183507844
100
_a
Agarwal Archana
_9
6854
245
_a
Information Practices-Xi
260
_a
New Delhi
_b
Sultan Chand
_c
2018